<?xml version="1.0" encoding="UTF-8"?><marc:collection xmlns:marc="http://www.loc.gov/MARC21/slim">
  <marc:record>
    <marc:leader>00000nam##2200000za#4500</marc:leader>
    <marc:controlfield tag="001">9.559221</marc:controlfield>
    <marc:controlfield tag="003">CaOODSP</marc:controlfield>
    <marc:controlfield tag="005">20210624172754</marc:controlfield>
    <marc:controlfield tag="007">cr |||||||||||</marc:controlfield>
    <marc:controlfield tag="008">150406|2004||||xxc|||||o    f|0| 0 eng|d</marc:controlfield>
    <marc:datafield tag="040" ind1=" " ind2=" ">
      <marc:subfield code="a">CaOODSP</marc:subfield>
      <marc:subfield code="b">eng</marc:subfield>
    </marc:datafield>
    <marc:datafield tag="043" ind1=" " ind2=" ">
      <marc:subfield code="a">n-cn---</marc:subfield>
    </marc:datafield>
    <marc:datafield tag="086" ind1="1" ind2=" ">
      <marc:subfield code="a">CC173-3/2-129-1E-IN</marc:subfield>
    </marc:datafield>
    <marc:datafield tag="110" ind1="2" ind2=" ">
      <marc:subfield code="a">Canadian Nuclear Safety Commission.</marc:subfield>
    </marc:datafield>
    <marc:datafield tag="245" ind1="1" ind2="0">
      <marc:subfield code="a">Keeping radiation exposures and doses "as low as reasonably achievable (ALARA)" </marc:subfield>
      <marc:subfield code="h">[electronic resource]</marc:subfield>
    </marc:datafield>
    <marc:datafield tag="260" ind1=" " ind2=" ">
      <marc:subfield code="b">Canadian Nuclear Safety Commission </marc:subfield>
      <marc:subfield code="c">2004.</marc:subfield>
    </marc:datafield>
    <marc:datafield tag="300" ind1=" " ind2=" ">
      <marc:subfield code="a">15p.</marc:subfield>
      <marc:subfield code="b">references</marc:subfield>
    </marc:datafield>
    <marc:datafield tag="490" ind1="1" ind2=" ">
      <marc:subfield code="a">Regulatory guide </marc:subfield>
      <marc:subfield code="v">G-129, revision 1</marc:subfield>
    </marc:datafield>
    <marc:datafield tag="500" ind1=" " ind2=" ">
      <marc:subfield code="a">The catalogue number (CC173-3/2-129-1E) and the ISBN (0-662-38407-5) for the print edition have been incorrectly copied in this PDF edition.</marc:subfield>
    </marc:datafield>
    <marc:datafield tag="520" ind1="3" ind2=" ">
      <marc:subfield code="a">This regulatory guide is part of a series that provides guidance or describe characteristics or practices that the Canadian Nuclear Safety Commission recommends for meeting regulatory requirements or improving administrative effectiveness. These guides form the framework for the Commission’s regulatory activities, along with legally enforceable instruments such as acts, regulations, licences, and orders, as well as other regulatory documents such as policies, standards, notices, and procedures.</marc:subfield>
    </marc:datafield>
    <marc:datafield tag="590" ind1=" " ind2=" ">
      <marc:subfield code="a">04-52</marc:subfield>
      <marc:subfield code="b">2004-12-31</marc:subfield>
    </marc:datafield>
    <marc:datafield tag="775" ind1="0" ind2="8">
      <marc:subfield code="t">Maintenir les expositions et les doses au « niveau le plus bas qu'il soit raisonnablement possible d'atteindre (ALARA) » </marc:subfield>
      <marc:subfield code="w">(CaOODSP)9.592011</marc:subfield>
    </marc:datafield>
    <marc:datafield tag="776" ind1="0" ind2="#">
      <marc:subfield code="t">Keeping radiation exposures and doses "as low as reasonably achievable (ALARA)" </marc:subfield>
      <marc:subfield code="w">(CaOODSP)9.617120</marc:subfield>
    </marc:datafield>
    <marc:datafield tag="830" ind1="#" ind2="0">
      <marc:subfield code="a">Regulatory guide ;</marc:subfield>
      <marc:subfield code="v">G-129, revision 1</marc:subfield>
      <marc:subfield code="w">(CaOODSP)9.504702</marc:subfield>
    </marc:datafield>
    <marc:datafield tag="856" ind1="4" ind2="0">
      <marc:subfield code="a">http://publications.gc.ca</marc:subfield>
      <marc:subfield code="q">PDF</marc:subfield>
      <marc:subfield code="s">153 KB</marc:subfield>
      <marc:subfield code="u">https://publications.gc.ca/collections/Collection/CC173-3-2-129-1E.pdf</marc:subfield>
      <marc:subfield code="y">G-129, revision 1</marc:subfield>
    </marc:datafield>
  </marc:record>
</marc:collection>
